00551nam a22001817a 450000500170000001000270001702000230004402000260006703500570009303700170015003700160016708200060018310000180018924500440020726000350025127000600028630000230034620181204161031.0 aB-285029 B-458814-843 a0140298857c299.00 a9780140298857c299.00 aB-285029 B-458814-843, B-215085, B-215075, B-215075 bUBH (Vender) bK.K.Pub/Ven aN aNarayan, R.K. aThe magic of Malgudi /cby R.K. Narayan aNew DelhibPenguin Booksc2002 a11 Community Centre, Panchsheel ParkbNew Delhie110017 a408p.c22cm. (pbk)